| 000 | 00591nam a2200169 a 4500 | ||
|---|---|---|---|
| 008 | 160418s2012 ||||||||||||||||| || u | ||
| 020 | _a9780273759287 | ||
| 050 | _aHF 5635 Woo | ||
| 100 | _aWood, Frank | ||
| 245 | 1 | 0 |
_aBusiness accounting 1. (12th ed.) _cFrank Wood and Alan Sangster |
| 250 | _a12th ed. | ||
| 260 |
_aHarlow _bPearson _c2012 |
||
| 300 | _axxvii, 781p.: ill. | ||
| 350 | _a115.00 | ||
| 650 | 0 | _aACCOUNTING | |
| 995 |
_FCBU-MAIN LIBRARY (Kitwe) _I115.00 _M1 _UAVAILABLE _WApr 25, 2016 _ZMain Library Open Access Collection |
||
| 999 |
_c36374 _d36374 |
||